000 01445nam0a22003011 4500
001 rc\3908603
005 20130415105209.7
021 _aRU
_b[56-52152]
035 _a(NLR Aleph) 008017959
090 _a8742385
_c8742385
100 _a20130415d1956 |||y0rusy50 ca
101 0 _arus
102 _aRU
105 _ay z |||||
200 1 _aСовременные представления о процессах гидратации цемента
210 _aМосква
_cПромстройиздат
_d1956
215 _a48 с.
_d22
225 1 _aМинистерство промышленности строительных материалов СССР. Технический совет и Техническое управление. Центральное бюро технической информации. [Информационные сообщения]
300 _aАвт. указаны на обороте тит. л.: кандидаты техн. наук О.М. Астреева и Л.Я. Лопатникова
320 _aБиблиогр.: с. 46-47 (61 назв.)
606 _aЦемент
_xГидратация
_2psbo
700 1 _aАстреева
_bО. М.
_f1904-
_gОльга Михайловна
701 1 _aЛопатникова
_bЛ. Я.
_gЛюдмила Яковлевна
801 0 _aRU
_bNLR
_gpsbo
801 1 _aRU
_bELAR
_2rusmarc
852 _aNLR
_jТ44 Г-6/1217
942 _cBOOK
980 _aNB